000 00312nam a2200109Ia 4500
008 171211s9999 xx 000 0 und d
245 _aWithout Apology: Writings on Abortion in Canada
245 _cShannon Stettner
260 _c2016
650 _xFITNESS
856 _uhttp://down.ebook777.com/061/1771991593.pdf
999 _c349091
_d349091